[Event "Bayern-ch Seniors 14th"]
[Site "Schloss Schney"]
[Date "2002.06.06"]
[Round "7"]
[White "Karner, Irmgard"]
[Black "Fels, Karl Heinz"]
[Result "1-0"]
[WhiteElo "1724"]
[BlackElo "1869"]
[PlyCount "119"]
[EventDate "2002.05.31"]
[EventType "swiss"]
[EventRounds "9"]
[EventCountry "GER"]
[SourceTitle "EXT 2003"]
[Source "ChessBase"]
[SourceDate "2002.11.25"]
[SourceVersion "1"]
[SourceVersionDate "2002.11.25"]
[SourceQuality "1"]

1. d4 Nf6 2. c4 e6 3. Nf3 b6 4. g3 Bb7 5. Bg2 Be7 6. 0-0 0-0 7. Nc3 d5 8. cxd5 exd5 9. Bg5 Nbd7 10. Rc1 Rc8 11. e3 c5 12. Re1 h6 13. Bxf6 Nxf6 14. Qa4 a6 15. dxc5 Bxc5 16. Ne2 b5 17. Qb3 Qe7 18. a3 Rfd8 19. Ned4 Ne4 20. Qd3 g6 21. Nb3 Bb6 22. Rxc8 Rxc8 23. Rc1 Rc4 24. Rc2 Qc7 25. Nbd4 f5 26. Bf1 Kf7 27. Qd1 Rxc2 28. Nxc2 Kf6 29. Nfd4 Qe5 30. Qd3 g5 31. Qd1 g4 32. h4 h5 33. Qe1 Qd6 34. Bd3 Qc7 35. Bxe4 dxe4 36. Qb4 Bc5 37. Qc3 Qd6 38. Nxb5+ Qe5 39. Qxe5+ Kxe5 40. Nbd4 Bd5 41. Kf1 Bc4+ 42. Ke1 Bb6 43. Kd2 a5 44. Kc3 Bf7 45. b4 axb4+ 46. Kxb4 Be8 47. a4 Bd7 48. a5 Ba7 49. Nb5 Bb8 50. Ncd4 Kd5 51. a6 Bc8 52. a7 Bxa7 53. Nxa7 Bd7 54. Nab5 Bc8 55. Nc3+ Ke5 56. Kc5 Bd7 57. Nd5 Be8 58. Nf4 Bf7 59. Nb5 Be8 60. Nd6 1-0

[Event "Bayern-ch Seniors 14th"]
[Site "Schloss Schney"]
[Date "2002.06.05"]
[Round "5"]
[White "Karner, Irmgard"]
[Black "Guenther, Dieter"]
[Result "1/2-1/2"]
[WhiteElo "1724"]
[BlackElo "1680"]
[PlyCount "50"]
[EventDate "2002.05.31"]
[EventType "swiss"]
[EventRounds "9"]
[EventCountry "GER"]
[SourceTitle "EXT 2003"]
[Source "ChessBase"]
[SourceDate "2002.11.25"]
[SourceVersion "1"]
[SourceVersionDate "2002.11.25"]
[SourceQuality "1"]

1. c4 g6 2. Nc3 Bg7 3. g3 c5 4. Bg2 Nc6 5. Nf3 e6 6. e4 Nge7 7. 0-0 d6 8. d3 0-0 9. Ne1 f5 10. f4 a6 11. Bd2 Rb8 12. a4 Bd7 13. Qc1 Nd4 14. Qd1 Bc6 15. Kh1 Qb6 16. Rb1 Nb3 17. Rf2 Rbd8 18. Qc2 fxe4 19. dxe4 Rf7 20. Be3 Bd4 21. Qd3 e5 22. Nc2 Rdf8 23. Rbf1 Bxe3 24. Nxe3 Nd4 25. Kg1 exf4 1/2-1/2

[Event "Wuerttemberg-ch Seniors 14th"]
[Site "Ellwangen"]
[Date "2002.??.??"]
[Round "5"]
[White "Woelbl, Josef"]
[Black "Karner, Irmgard"]
[Result "1-0"]
[WhiteElo "1713"]
[BlackElo "1720"]
[PlyCount "93"]
[EventDate "2002.03.30"]
[EventType "swiss"]
[EventRounds "9"]
[EventCountry "GER"]
[SourceTitle "EXT 2006"]
[Source "ChessBase"]
[SourceDate "2005.11.24"]
[SourceVersion "1"]
[SourceVersionDate "2005.11.24"]
[SourceQuality "1"]

1. Nf3 d5 2. c4 e6 3. e3 Nf6 4. d4 c6 5. Nc3 Bd6 6. Bd2 Nbd7 7. cxd5 exd5 8. Rc1 0-0 9. Bd3 Re8 10. 0-0 Nf8 11. h3 h6 12. Re1 Ne4 13. Qc2 Nxc3 14. bxc3 Qf6 15. e4 dxe4 16. Bxe4 Bd7 17. c4 Bf4 18. Rb1 Bxd2 19. Qxd2 b6 20. Ne5 Rad8 21. Qc3 c5 22. Bd5 Be6 23. Bxe6 Nxe6 24. d5 Nd4 25. Qg3 Qd6 26. Kf1 Nf5 27. Qf4 f6 28. Nd3 Qxf4 29. Nxf4 Nd6 30. Rbc1 Kf7 31. a4 a6 32. Rxe8 Rxe8 33. Ne6 Re7 34. Ke2 f5 35. f3 Kf6 36. Kd3 Nc8 37. Rb1 Rd7 38. Kc3 Ke5 39. Re1+ Kf6 40. g4 g6 41. f4 Nd6 42. g5+ hxg5 43. fxg5+ Kf7 44. h4 Ne4+ 45. Kd3 Ng3 46. Rb1 Rb7 47. Nd8+ 1-0